Docentes y alumnos : (Record no. 141524)

MARC details
000 -CABECERA
campo de control de longitud fija 00735nam a2200205 u 4500
005 - FECHA Y HORA DE LA ÚLTIMA TRANSACCIÓN
campo de control 20240924071532.0
008 - ELEMENTOS DE LONGITUD FIJA--INFORMACIÓN GENERAL
campo de control de longitud fija 090217s2007 mx r 000 0 spa d
020 ## - NÚMERO INTERNACIONAL NORMALIZADO PARA LIBROS
Número Internacional Estándar del Libro 9789703243118 (UNAM)
020 ## - NÚMERO INTERNACIONAL NORMALIZADO PARA LIBROS
Número Internacional Estándar del Libro 9789707227385 (Plaza y Valdés)
035 ## - NÚMERO DE CONTROL DEL SISTEMA
Número de control de sistema UPN01000169418
049 ## - COLECCIÓN
Colección CG
050 #4 - SIGNATURA TOPOGRÁFICA DE LA BIBLIOTECA DEL CONGRESO
Número de clasificación LB2333
Número de documento/Ítem D6.2
245 00 - MENCIÓN DE TÍTULO
Título Docentes y alumnos :
Resto del título perspectivas y prácticas /
Mención de responsabilidad, etc. coord. Concepción Barrón.
260 ## - PUBLICACIÓN, DISTRIBUCIÓN, ETC.
Lugar de publicación, distribución, etc. México :
Nombre del editor, distribuidor, etc. UNAM, Instituto de Investigaciones Económicas :
-- Plaza y Valdés,
Fecha de publicación, distribución, etc. 2007.
300 ## - DESCRIPCIÓN FÍSICA
Extensión 210 p.
650 #4 - ASIENTO SECUNDARIO DE MATERIA - TERMINO TEMATICO
Término de materia o nombre geográfico como elemento de entrada MAESTROS UNIVERSITARIOS -
Subdivisión general CLASIFICACION -
Subdivisión geográfica MEXICO
9 (RLIN) 13172
650 #4 - ASIENTO SECUNDARIO DE MATERIA - TERMINO TEMATICO
Término de materia o nombre geográfico como elemento de entrada Maestros
Subdivisión general Formación profesional
9 (RLIN) 804
700 1# - ASIENTO SECUNDARIO--NOMBRE DE PERSONAL
Nombre de persona Barrón de Morán, Concepción,
Término indicativo de función/relación coord.
9 (RLIN) 31630
905 ## - TIPO DE MATERIAL
Tipo de material Libro
Holdings
Estado de retiro Estado de pérdida Fuente del sistema de clasificación o colocación Estado dañado No para préstamo Código de colección Localización permanente Ubicación/localización actual Ubicación en estantería Total de préstamos Clasificación Código de barras Fecha visto por última vez Número de copia Tipo de ítem Koha
    Library of Congress Classification     Colección General Bib. Gregorio Torres Quintero Bib. Gregorio Torres Quintero Planta baja 6 LB2333 D6.2 262605 31/12/2020 1 Libro
    Library of Congress Classification     Colección General Bib. Gregorio Torres Quintero Bib. Gregorio Torres Quintero Planta baja   LB2333 D6.2 274455 31/12/2020 1 Libro
    Library of Congress Classification     Colección General Bib. Gregorio Torres Quintero Bib. Gregorio Torres Quintero Planta baja 3 LB2333 D6.2 262604 31/12/2020 1 Libro
    Library of Congress Classification     Colección General Bib. Gregorio Torres Quintero Bib. Gregorio Torres Quintero Planta baja 4 LB2333 D6.2 262603 31/12/2020 1 Libro